01427cam a22003617a 4500003000500000005001700005008004100022010001000063011001000073035001100083040000900094090001000103100003800113245015900151260004300310300002000353502009800373590003700471590004100508590004100549590004100590590004100631590004200672650003800714650003800752650003600790901000700826905002600833942001000859949005100869999001700920952012800937CHAP20220329142839.0040816d2004 mx a r 00110 spa d a88654 a89626 a100177 cCHAP aTesis00aParedes Mendoza, Marianela98552110aComposición química y valores nutricionales en 19 tipos mexicanos de tomate de cáscara (Physalis philadelphica Lam.)c/por Marianela Paredes Mendoza aMontecillo, Méx. :bEl autor,c2004. a100 h. :bilus. aTesis (M.C.) -- CP. Instituto de Recursos Genéticos y Productividad. Programa en Genética aALEPHb10c20130110lUCH01h1500 aBATCH-UPDb10c20130110lUCH01h0250 aBATCH-UPDb10c20130110lUCH01h1118 aBATCH-UPDb10c20130409lUCH01h2320 aBATCH-UPDb10c20130914lUCH01h1900 aCONVERSIONb10c20130109lUCH01h134914aTomate verdexAnálisis.911379814aTomate verdexVariedades.911384014aTomate verdezMéxico.9113845 aBK aAlejandra Carrasco M. cTESIS aTesisbBCcTESd1001771eTS1h42270i100177sb c88654d88654 00102local4051708TESISaBCbBCcPA_TESISd2019-12-31fTESISl0oTesisp1001771r2019-12-31 00:00:00w2019-12-31yTESIS